Normal view
MARC view
Entry Personal Name
001 - CONTROL NUMBER
- control field: 7962
003 - CONTROL NUMBER IDENTIFIER
- control field: OSt
005 - DATE AND TIME OF LATEST TRANSACTION
- control field: 20211028144317.0
008 - FIXED-LENGTH DATA ELEMENTS
- fixed length control field: 211028|| aca||aabn | a|a d
040 ## - CATALOGING SOURCE
- Original cataloging agency: OSt
- Transcribing agency: OSt
100 ## - HEADING--PERSONAL NAME
- Personal name: Pinto, Vanessa Ann; Harinakshi.
- Miscellaneous information: 1616210
670 ## - SOURCE DATA FOUND
- Source citation: Work cat.: (OSt): Pinto, Vanessa Ann; Harinakshi. 1616210, Study on the performance feedback system across various age groups in KPMG Oman., 2018